| 000 | 00501nam a22001577a 4500 | ||
|---|---|---|---|
| 003 | PILC | ||
| 005 | 20150905091518.0 | ||
| 008 | 150604b xxu||||| |||| 00| 0 eng d | ||
| 020 | _a9719297212 | ||
| 050 |
_aT 58.5 _b.In58 2006 |
||
| 245 |
_aInnovate : _ba mentor's guide to ICT foundation competencies / |
||
| 260 |
_aPhilippines : _bPartners in Learning, _c2006. |
||
| 300 |
_a382 pages : _billustrations ; _c28 cm. |
||
| 650 | _aInformation and Communication Technology(ICT). | ||
| 942 |
_2lcc _cBK _kLOC |
||
| 999 |
_c284725 _d284725 |
||